[Event "Carnaval U2200 Online"]
[Site "Chess.com"]
[Date "2021.02.21"]
[Round "6.4"]
[White "Levesque-Duchesne, Merlin"]
[Black "Gerard, Patrice"]
[Result "1-0"]
[WhiteElo "1786"]
[BlackElo "1744"]
[PlyCount "55"]
[EventDate "2021.02.20"]
[EventType "swiss"]
[EventRounds "6"]
[EventCountry "CAN"]

1. Nf3 Nf6 2. g3 b6 3. Bg2 Bb7 4. O-O g6 5. d3 Bg7 6. e4 d6 7. Nc3 O-O 8. h3 c5
9. Be3 Nc6 10. d4 cxd4 11. Nxd4 Rc8 12. Qd2 Ne5 13. b3 Ned7 14. Rfe1 Nc5 15.
Bh6 Nxb3 16. axb3 Bxh6 17. Qxh6 Rxc3 18. Rxa7 Qb8 19. Rxb7 Qxb7 20. e5 Nd5 21.
e6 f5 22. Qd2 Rfc8 23. Nb5 R3c5 24. c4 Rxb5 25. cxb5 Rc5 26. Rd1 Rxb5 27. Bxd5
Qa6 28. Bc4 1-0

[Event "Carnaval U2200 Online"]
[Site "Chess.com"]
[Date "2021.02.21"]
[Round "6.5"]
[White "Varro, Daniel"]
[Black "Magner, Wilhelm"]
[Result "1-0"]
[WhiteElo "1764"]
[BlackElo "1459"]
[PlyCount "125"]
[EventDate "2021.02.20"]
[EventType "swiss"]
[EventRounds "6"]
[EventCountry "CAN"]

1. c4 c6 2. d4 d5 3. Nc3 Nf6 4. e3 Bf5 5. cxd5 cxd5 6. Qb3 Qd7 7. Nf3 a6 8. Ne5
Qc7 9. Nxd5 Nxd5 10. Qxd5 e6 11. Qb3 Bd6 12. Bd2 Bxe5 13. dxe5 O-O 14. Rc1 Qxe5
15. Qxb7 Be4 16. Qb3 Nd7 17. Bc3 Qg5 18. h4 Qf5 19. Qa4 Nc5 20. Qd4 f6 21. Bb4
Rfd8 22. Qxc5 Rac8 23. Qxc8 Rxc8 24. Rxc8+ Kf7 25. Rf8+ Kg6 26. f3 Bc6 27. Bd2
Qb1+ 28. Kf2 Qxb2 29. Bd3+ Kh6 30. Ke2 g6 31. Rg8 f5 32. e4+ Kh5 33. exf5 exf5
34. g4+ fxg4 35. fxg4+ Kxg4 36. Rg1+ Kxh4 37. Rc8 Qe5+ 38. Be3 Qh2+ 39. Bf2+
Kh5 40. Rxc6 Qe5+ 41. Be3 Qh2+ 42. Ke1 Qh4+ 43. Bf2 Qb4+ 44. Ke2 Qb2+ 45. Rc2
Qe5+ 46. Kd2 Qa5+ 47. Kd1 Kh6 48. Rh1+ Kg7 49. Bd4+ Kf8 50. Rf1+ Ke8 51. Re2+
Kd7 52. Rf7+ Kd6 53. Rf6+ Kd7 54. Rf7+ Kd6 55. Be3 Qa4+ 56. Rc2 Qg4+ 57. Be2
Qa4 58. Rf4 Qe8 59. Rd4+ Ke5 60. Rc5+ Kf6 61. Bg5+ Kg7 62. Rc7+ Kf8 63. Rd8 1-0

[Event "Grand Pacific op Online"]
[Site "chess.com"]
[Date "2021.04.10"]
[Round "1.1"]
[White "Ghazaryan, Suren"]
[Black "Sohal, Tanraj"]
[Result "1/2-1/2"]
[WhiteElo "1540"]
[BlackElo "2383"]
[PlyCount "49"]
[EventDate "2021.04.10"]
[EventType "swiss"]
[EventRounds "6"]
[EventCountry "CAN"]

1. e4 c5 2. Nc3 Nc6 3. Bb5 g6 4. Bxc6 dxc6 5. f4 Bg7 6. Nf3 Qc7 7. d3 Nf6 8.
O-O Bd7 9. Ne5 h5 10. h3 Nh7 11. Nxd7 Qxd7 12. f5 Bd4+ 13. Kh1 O-O-O 14. Qf3
Rdg8 15. Ne2 g5 16. Nxd4 g4 17. Qf2 cxd4 18. Bf4 gxh3 19. gxh3 Ng5 20. Bxg5
Rxg5 21. Rg1 f6 22. Rxg5 fxg5 23. Rg1 g4 24. Qh4 Qe8 25. Qg3 1/2-1/2

[Event "Grand Pacific op Online"]
[Site "chess.com"]
[Date "2021.04.10"]
[Round "1.2"]
[White "McLaren, Brian"]
[Black "Martin, Andrew"]
[Result "1-0"]
[WhiteElo "2274"]
[BlackElo "1534"]
[PlyCount "33"]
[EventDate "2021.04.10"]
[EventType "swiss"]
[EventRounds "6"]
[EventCountry "CAN"]

1. e4 c5 2. Nc3 d6 3. g3 Nc6 4. Bg2 g6 5. d3 Bg7 6. Nge2 e6 7. Be3 Nge7 8. Qd2
a6 9. Bh6 O-O 10. h4 Qc7 11. h5 Bd7 12. Bxg7 Kxg7 13. hxg6 hxg6 14. Qh6+ Kf6
15. e5+ Nxe5 16. Ne4+ Kf5 17. Qg5# 1-0

[Event "Grand Pacific op Online"]
[Site "chess.com"]
[Date "2021.04.10"]
[Round "1.3"]
[White "Ingram, Richard"]
[Black "Sali, Zulfikar"]
[Result "0-1"]
[WhiteElo "1532"]
[BlackElo "2223"]
[PlyCount "74"]
[EventDate "2021.04.10"]
[EventType "swiss"]
[EventRounds "6"]
[EventCountry "CAN"]

1. e4 c5 2. Nf3 d6 3. d4 cxd4 4. Nxd4 Nf6 5. Nc3 a6 6. h3 h5 7. Bg5 b5 8. Bxf6
gxf6 9. Be2 e6 10. a3 Qb6 11. O-O Bb7 12. Bf3 Nd7 13. Re1 Rc8 14. Bxh5 Rxh5 15.
Nxe6 Rh8 16. Nxf8 Kxf8 17. Re3 Qc5 18. Qe1 Re8 19. Rd1 Ne5 20. b4 Qc7 21. Nd5
Bxd5 22. exd5 Qxc2 23. f4 Rg8 24. Qd2 Qxd2 25. Rxd2 Nc4 26. Rxe8+ Kxe8 27. Rc2
f5 28. a4 Ke7 29. axb5 axb5 30. Re2+ Kf6 31. Kf2 Ra8 32. Rc2 Ra4 33. Ke2 Rxb4
34. Kd3 Rb3+ 35. Kd4 Rg3 36. Re2 Na3 37. Re3 Nc2+ 0-1

[Event "Grand Pacific op Online"]
[Site "chess.com"]
[Date "2021.04.10"]
[Round "1.4"]
[White "King, Harvey"]
[Black "Lupini, Elliot"]
[Result "1-0"]
[WhiteElo "2104"]
[BlackElo "1516"]
[PlyCount "133"]
[EventDate "2021.04.10"]
[EventType "swiss"]
[EventRounds "6"]
[EventCountry "CAN"]

1. e4 c5 2. Nf3 d6 3. d4 cxd4 4. Nxd4 Nf6 5. Nc3 a6 6. Be3 e5 7. Nb3 Be6 8. Be2
Be7 9. O-O O-O 10. f4 Nc6 11. f5 Bxb3 12. axb3 Nb4 13. Bf3 Rc8 14. g4 d5 15.
exd5 e4 16. Bg2 Nfxd5 17. Nxd5 Nxd5 18. Bd4 Bg5 19. Re1 e3 20. c4 Nf4 21. Bxe3
Nxg2 22. Kxg2 Qxd1 23. Raxd1 Bxe3 24. Rxe3 Rfe8 25. Rxe8+ Rxe8 26. Rd7 Rb8 27.
g5 Kf8 28. f6 h6 29. h4 hxg5 30. hxg5 gxf6 31. gxf6 Kg8 32. Kf3 b5 33. c5 Rc8
34. b4 a5 35. bxa5 Rxc5 36. a6 Rc8 37. Ke4 Kh7 38. Rxf7+ Kg6 39. Rb7 Kxf6 40.
Rxb5 Ra8 41. Rb6+ Ke7 42. Kd5 Kd7 43. b4 Kc7 44. Rh6 Rd8+ 45. Kc5 Kb8 46. Kb6
Ka8 47. b5 Rb8+ 48. Ka5 Rf8 49. Rh5 Re8 50. b6 Rb8 51. Kb5 Re8 52. Rd5 Rf8 53.
Re5 Rg8 54. Kc6 Rg6+ 55. Kc7 Rg7+ 56. Kd6 Rg6+ 57. Re6 Rg8 58. Kd7 Rb8 59. Re8
Rxe8 60. Kxe8 Kb8 61. Kd7 Ka8 62. b7+ Kb8 63. Kc6 Ka7 64. Kc7 Kxa6 65. b8=Q Ka5
66. Qb3 Ka6 67. Qb6# 1-0

[Event "Grand Pacific op Online"]
[Site "chess.com"]
[Date "2021.04.10"]
[Round "1.5"]
[White "Imoo, Joshua"]
[Black "Murray, Mike"]
[Result "1-0"]
[WhiteElo "1515"]
[BlackElo "2077"]
[PlyCount "29"]
[EventDate "2021.04.10"]
[EventType "swiss"]
[EventRounds "6"]
[EventCountry "CAN"]

1. e4 Nc6 2. d4 e5 3. dxe5 Nxe5 4. f4 Nc6 5. Nf3 Bc5 6. Bc4 Nf6 7. e5 d5 8.
exf6 dxc4 9. Qe2+ Kf8 10. Nc3 Bg4 11. Bd2 Qxf6 12. O-O-O Bxf3 13. Qxf3 Nd4 14.
Qxb7 Rb8 15. Qxb8+ 1-0

[Event "Grand Pacific op Online"]
[Site "chess.com"]
[Date "2021.04.10"]
[Round "1.6"]
[White "Laroche, Hugo"]
[Black "Ming, Jerry"]
[Result "1-0"]
[WhiteElo "2013"]
[BlackElo "1513"]
[PlyCount "39"]
[EventDate "2021.04.10"]
[EventType "swiss"]
[EventRounds "6"]
[EventCountry "CAN"]

1. e4 c5 2. Nf3 e6 3. d4 cxd4 4. Nxd4 Nc6 5. Nxc6 bxc6 6. Bd3 d5 7. exd5 cxd5
8. O-O Nf6 9. Re1 Be7 10. Nd2 O-O 11. Nf3 Bb7 12. Bf4 Qb6 13. Ne5 Rfd8 14. Qf3
Qxb2 15. Rab1 d4 16. Qxb7 Qc3 17. Qxe7 Rf8 18. Qb4 Qxb4 19. Rxb4 Nd5 20. Rxd4
1-0

[Event "Grand Pacific op Online"]
[Site "chess.com"]
[Date "2021.04.10"]
[Round "1.7"]
[White "Zheng, Yawen"]
[Black "D'Souza, Carina"]
[Result "0-1"]
[WhiteElo "1511"]
[BlackElo "1942"]
[PlyCount "134"]
[EventDate "2021.04.10"]
[EventType "swiss"]
[EventRounds "6"]
[EventCountry "CAN"]

1. c4 e6 2. g3 d5 3. cxd5 exd5 4. Bg2 Nf6 5. Nf3 Be7 6. O-O O-O 7. d3 c5 8. Bf4
Nc6 9. Nc3 d4 10. Nb5 a6 11. Na3 Be6 12. e3 Nd5 13. Ne5 Nxe5 14. Bxe5 dxe3 15.
Qe2 exf2+ 16. Rxf2 Bd6 17. Rc1 Bxe5 18. Qxe5 Rc8 19. Nc4 Nb4 20. Be4 Nxd3 21.
Bxd3 Qxd3 22. Nd6 Rcd8 23. Nxb7 Rd5 24. Nxc5 Qg6 25. Qe3 Bh3 26. Rd2 Rxd2 27.
Qxd2 Qb6 28. Qg5 Qxb2 29. Qd5 Qxc1+ 30. Kf2 Qf1+ 31. Ke3 Qg1+ 32. Kf4 Qf2+ 33.
Kg5 Qf6+ 34. Kh5 g6+ 35. Kh6 Bg4 36. Nd7 Bxd7 37. Qxd7 g5+ 38. Kh5 Qg6+ 39. Kg4
h5+ 40. Kf3 g4+ 41. Kf4 Qf6+ 42. Ke3 Qe6+ 43. Qxe6 fxe6 44. Ke4 Rf2 45. Ke5
Rxh2 46. Kxe6 Rg2 47. Kf5 Rxg3 48. Kg5 Rh3 49. Kf4 Rh2 50. Kg3 Rxa2 51. Kh4 Kg7
52. Kg3 Kg6 53. Kh4 a5 54. Kg3 a4 55. Kf4 a3 56. Kg3 Rb2 57. Kh4 a2 58. Kg3
a1=Q 59. Kh4 Qh1+ 60. Kg3 Qg2+ 61. Kf4 Qf3+ 62. Ke5 Re2+ 63. Kd4 Qf1 64. Kd5
Qd1+ 65. Kc4 Rc2+ 66. Kb3 Qb1+ 67. Ka3 Ra2# 0-1

[Event "Grand Pacific op Online"]
[Site "chess.com"]
[Date "2021.04.10"]
[Round "1.8"]
[White "Adam, Rafael"]
[Black "Zhang, Joyce"]
[Result "1-0"]
[WhiteElo "1934"]
[BlackElo "1504"]
[PlyCount "133"]
[EventDate "2021.04.10"]
[EventType "swiss"]
[EventRounds "6"]
[EventCountry "CAN"]

1. d4 Nf6 2. Bg5 g6 3. Bxf6 exf6 4. c4 Bg7 5. g3 c6 6. Bg2 d5 7. cxd5 cxd5 8.
Nc3 Be6 9. Qb3 Nc6 10. e3 O-O 11. Qxb7 Ne7 12. Qb3 Qd7 13. Nge2 Rab8 14. Qc2 g5
15. O-O Ng6 16. Rac1 Rfd8 17. b3 Rbc8 18. Qd2 h5 19. Na4 Bh3 20. Nc5 Qf5 21.
Qc2 Qxc2 22. Rxc2 Bxg2 23. Kxg2 Bf8 24. Rfc1 Kh7 25. Nd3 Rxc2 26. Rxc2 Bd6 27.
Kf1 Ne7 28. b4 Rb8 29. a3 Kg6 30. Ke1 Kf5 31. f3 g4 32. Kf2 Rh8 33. Nef4 Kg5
34. Kg2 h4 35. fxg4 Kxg4 36. h3+ Kf5 37. g4+ Kg5 38. Kf3 Rb8 39. Rc3 Ra8 40. a4
Rb8 41. b5 f5 42. gxf5 Kxf5 43. Ng2 Rg8 44. Nxh4+ Kf6 45. Nf4 Rg5 46. Nhg2 Ng6
47. Nxg6 fxg6 48. h4 Rf5+ 49. Nf4 g5 50. hxg5+ Kxg5 51. Rc8 Kf6 52. Rc6 Ke7 53.
Kg4 Rf8 54. Nxd5+ Kd7 55. e4 Rg8+ 56. Kf5 Rf8+ 57. Nf6+ Ke7 58. e5 Bb8 59. Re6+
Kd8 60. d5 Rh8 61. d6 Rf8 62. Re7 Rh8 63. Ke6 Rf8 64. a5 Rh8 65. b6 a6 66. b7
Rf8 67. Rd7# 1-0

[Event "Grand Pacific op Online"]
[Site "chess.com"]
[Date "2021.04.10"]
[Round "1.9"]
[White "Bridger, Richard"]
[Black "Windram, James"]
[Result "1/2-1/2"]
[WhiteElo "1504"]
[BlackElo "1922"]
[PlyCount "198"]
[EventDate "2021.04.10"]
[EventType "swiss"]
[EventRounds "6"]
[EventCountry "CAN"]

1. d4 Nf6 2. Bf4 g6 3. Nc3 d5 4. e3 Bg7 5. Nf3 c6 6. Be2 Nbd7 7. O-O O-O 8. h3
h6 9. Re1 Qe8 10. Ne5 Nxe5 11. Bxe5 Nd7 12. Bxg7 Kxg7 13. e4 Nf6 14. Bd3 Be6
15. e5 Nh5 16. Qd2 g5 17. Ne2 Qd7 18. g4 Bxg4 19. hxg4 Qxg4+ 20. Kf1 Qh3+ 21.
Kg1 Qg4+ 22. Kh2 Rg8 23. Rg1 Qh4+ 24. Kg2 Kf8 25. Kf1 Qh3+ 26. Ke1 Ng7 27. Ng3
Qe6 28. Rh1 Ke8 29. Qe2 Kd8 30. Kd2 Kc7 31. Nh5 a6 32. Nxg7 Rxg7 33. Rh2 Rh8
34. Rah1 Kb6 35. Qf3 g4 36. Qf4 f6 37. Rxh6 Rf8 38. Bf5 Qg8 39. exf6 exf6 40.
Qd6 Rgf7 41. Rg6 Rg7 42. Rxf6 Rgf7 43. Qb4+ Ka7 44. Rg6 Rg7 45. Rxg7 Qxg7 46.
Qc5+ b6 47. Rh7 bxc5 48. Rxg7+ Kb6 49. Bxg4 Rxf2+ 50. Be2 cxd4 51. Rg3 a5 52.
Kd3 Kc5 53. Bg4 Rf1 54. Bd7 Rd1+ 55. Ke2 Rb1 56. Rb3 a4 57. Rb8 a3 58. b3 Rb2
59. Kd3 Kd6 60. Be8 Rxa2 61. Rb6 Ra1 62. Rxc6+ Ke7 63. Bh5 a2 64. Ra6 Rh1 65.
Be2 a1=Q 66. Rxa1 Rxa1 67. Kxd4 Kd6 68. b4 Re1 69. Bf3 Rf1 70. Be2 Rf4+ 71. Kc3
Kc6 72. Bd3 Rh4 73. Kb3 Rh3 74. Kc3 Kd6 75. Kb3 Ke5 76. Kc3 Rg3 77. Kb3 Kd4 78.
Ka4 Rg1 79. Kb3 Rb1+ 80. Ka4 Ke5 81. Ka5 Kd6 82. b5 Kc5 83. Ka4 Rh1 84. Ka3 Rb1
85. Ka2 Rb4 86. Ka3 d4 87. Ka2 Ra4+ 88. Kb3 Ra7 89. Kb2 Kb4 90. Kc1 Kc3 91. Kd1
Re7 92. Bf5 Rf7 93. Bd3 Re7 94. Bf5 Re8 95. Bd3 Re5 96. Bf1 Rh5 97. Bd3 Re5 98.
Bf1 Re8 99. Bd3 Re7 1/2-1/2

[Event "Grand Pacific op Online"]
[Site "chess.com"]
[Date "2021.04.10"]
[Round "1.10"]
[White "Landre, Geraldo Barbosa"]
[Black "Leblanc, Paul"]
[Result "0-1"]
[WhiteElo "1904"]
[BlackElo "1495"]
[PlyCount "64"]
[EventDate "2021.04.10"]
[EventType "swiss"]
[EventRounds "6"]
[EventCountry "CAN"]

1. d4 d5 2. Nf3 Nf6 3. Bf4 e6 4. e3 c5 5. c3 Nc6 6. Nbd2 Bd6 7. Bg3 O-O 8. Bd3
cxd4 9. exd4 Qc7 10. O-O Bxg3 11. hxg3 e5 12. dxe5 Nxe5 13. Nxe5 Qxe5 14. Re1
Qd6 15. Nf3 Bg4 16. Qb3 b6 17. Nd4 Rfe8 18. Qc2 Bh5 19. a4 Bg6 20. Bxg6 hxg6
21. Rxe8+ Rxe8 22. a5 bxa5 23. Qa4 Qb6 24. Qb5 Rb8 25. Rxa5 Qc7 26. Qa4 Rxb2
27. Rxa7 Rb1+ 28. Kh2 Ng4+ 29. Kh3 Nxf2+ 30. Kh4 Rh1+ 31. Kg5 Qe5+ 32. Nf5
Qxf5# 0-1

[Event "Grand Pacific op Online"]
[Site "chess.com"]
[Date "2021.04.10"]
[Round "2.1"]
[White "Jose, Marionito"]
[Black "McLaren, Brian"]
[Result "1-0"]
[WhiteElo "1568"]
[BlackElo "2274"]
[PlyCount "55"]
[EventDate "2021.04.10"]
[EventType "swiss"]
[EventRounds "6"]
[EventCountry "CAN"]

1. d4 d5 2. h3 c6 3. g4 Nd7 4. Bg2 e5 5. e3 g6 6. Ne2 Bg7 7. O-O h5 8. f3 hxg4
9. fxg4 Qe7 10. Nbc3 Ngf6 11. e4 Nxe4 12. Nxe4 dxe4 13. Ng3 exd4 14. Nxe4 Be5
15. Bg5 Qe6 16. Qf3 O-O 17. Rae1 f5 18. gxf5 Rxf5 19. Qd3 Nf8 20. Nf6+ Kf7 21.
h4 c5 22. Ng4 Nd7 23. Nh6+ Kg7 24. Nxf5+ gxf5 25. Bf4 Qf6 26. Qg3+ Kf7 27. Bxe5
Nxe5 28. Rxe5 1-0

[Event "Grand Pacific op Online"]
[Site "chess.com"]
[Date "2021.04.10"]
[Round "2.2"]
[White "Sali, Zulfikar"]
[Black "Qiu, Andrew Yu"]
[Result "1-0"]
[WhiteElo "2223"]
[BlackElo "1571"]
[PlyCount "47"]
[EventDate "2021.04.10"]
[EventType "swiss"]
[EventRounds "6"]
[EventCountry "CAN"]

1. e4 e5 2. Nf3 Nc6 3. Bb5 a6 4. Bxc6 dxc6 5. O-O Bd6 6. d4 Bg4 7. dxe5 Bxf3 8.
Qxf3 Bxe5 9. Nd2 Qh4 10. g3 Qe7 11. Nc4 Bd4 12. Rd1 O-O-O 13. Bf4 Kb8 14. c3
Ba7 15. Rxd8+ Qxd8 16. Rd1 Qe8 17. b4 Nf6 18. Bxc7+ Ka8 19. Rd8+ Qxd8 20. Bxd8
Rxd8 21. e5 Nd5 22. Qxf7 Nxc3 23. Nd6 Rb8 24. e6 1-0

[Event "Grand Pacific op Online"]
[Site "chess.com"]
[Date "2021.04.10"]
[Round "2.3"]
[White "Qin, Kaiqi"]
[Black "King, Harvey"]
[Result "0-1"]
[WhiteElo "1561"]
[BlackElo "2104"]
[PlyCount "114"]
[EventDate "2021.04.10"]
[EventType "swiss"]
[EventRounds "6"]
[EventCountry "CAN"]

1. d4 Nf6 2. c4 c5 3. d5 b5 4. e3 d6 5. Nc3 b4 6. Nb1 g6 7. b3 Bg7 8. Bb2 O-O
9. Nd2 e5 10. e4 Nbd7 11. Bd3 a5 12. Ne2 Nb6 13. O-O a4 14. Qc2 Ne8 15. a3 bxa3
16. Rxa3 axb3 17. Qxb3 Rxa3 18. Bxa3 Bd7 19. Rb1 Na4 20. Qb7 Bh6 21. Nf3 f5 22.
exf5 gxf5 23. Bc2 e4 24. Ne1 Bg7 25. Bxa4 Bxa4 26. Nf4 Rf7 27. Qa6 Qd7 28. Ne6
Bc3 29. Kf1 Qa7 30. Qxa7 Rxa7 31. Bb2 Rb7 32. Ra1 Rxb2 33. Rxa4 Rb1 34. g3
Rxe1+ 35. Kg2 Ra1 36. Rxa1 Bxa1 37. Kf1 Ng7 38. Ke2 Nxe6 39. dxe6 Kf8 40. Ke3
Ke7 41. Kf4 Kxe6 42. Kg5 Bg7 43. h4 Ke5 44. h5 Ke6 45. h6 Bf6+ 46. Kf4 Be5+ 47.
Kg5 Bd4 48. g4 fxg4 49. Kxg4 Bxf2 50. Kf4 e3 51. Kf3 Ke5 52. Ke2 Kd4 53. Kd1
Kd3 54. Kc1 e2 55. Kb2 e1=Q 56. Ka2 Kc2 57. Ka3 Qa5# 0-1

[Event "Grand Pacific op Online"]
[Site "chess.com"]
[Date "2021.04.10"]
[Round "2.4"]
[White "Yang, Jingyun (Ryan)"]
[Black "Laroche, Hugo"]
[Result "1-0"]
[WhiteElo "1551"]
[BlackElo "2013"]
[PlyCount "55"]
[EventDate "2021.04.10"]
[EventType "swiss"]
[EventRounds "6"]
[EventCountry "CAN"]

1. e4 g6 2. d4 Bg7 3. Nf3 d6 4. c4 Nf6 5. Nc3 O-O 6. Bg5 Nc6 7. Be2 Qe8 8. O-O
e5 9. dxe5 Nxe5 10. Nxe5 Qxe5 11. f4 Qc5+ 12. Kh1 Be6 13. Qd3 Ng4 14. Bxg4 Bxc4
15. Qh3 Bxf1 16. Rxf1 Rfe8 17. Bd7 Rf8 18. Nd5 h5 19. f5 Kh7 20. f6 Bh6 21.
Bxh6 Kxh6 22. Qf3 c6 23. Ne3 Qe5 24. Nf5+ gxf5 25. Qe3+ f4 26. Rxf4 Qc5 27. Qd2
Kh7 28. Bf5+ 1-0

[Event "Grand Pacific op Online"]
[Site "chess.com"]
[Date "2021.04.10"]
[Round "2.5"]
[White "D'Souza, Carina"]
[Black "Yang, Henry"]
[Result "1-0"]
[WhiteElo "1942"]
[BlackElo "1567"]
[PlyCount "51"]
[EventDate "2021.04.10"]
[EventType "swiss"]
[EventRounds "6"]
[EventCountry "CAN"]

1. d4 d5 2. Bf4 Nf6 3. e3 Bf5 4. c4 c6 5. Qb3 Qb6 6. c5 Qxb3 7. axb3 e6 8. Nc3
Be7 9. b4 O-O 10. b5 Nh5 11. Bxb8 Rfxb8 12. Nf3 b6 13. bxc6 bxc5 14. Ba6 Rc8
15. Bxc8 Rxc8 16. Rxa7 Bf8 17. c7 Bd3 18. Kd2 Bc4 19. Ne5 cxd4 20. exd4 Nf6 21.
Nxc4 dxc4 22. Rha1 g6 23. Nb5 Nd5 24. Ra8 Rxc7 25. Nxc7 Nxc7 26. Rc8 1-0

[Event "Grand Pacific op Online"]
[Site "chess.com"]
[Date "2021.04.10"]
[Round "2.6"]
[White "Gao, Justin"]
[Black "Adam, Rafael"]
[Result "0-1"]
[WhiteElo "1546"]
[BlackElo "1934"]
[PlyCount "176"]
[EventDate "2021.04.10"]
[EventType "swiss"]
[EventRounds "6"]
[EventCountry "CAN"]

1. e4 e5 2. Nf3 Nc6 3. Bc4 Bc5 4. Nc3 Nf6 5. d3 h6 6. Be3 Bb6 7. Qd2 d6 8. d4
O-O 9. O-O-O Bg4 10. d5 Nd4 11. Bxd4 Bxd4 12. Rde1 Bb6 13. h3 Bh5 14. g4 Bg6
15. g5 hxg5 16. Qxg5 Nh5 17. Qd2 Nf4 18. Reg1 Qf6 19. h4 Nh5 20. Qe2 Nf4 21.
Qd2 Bh5 22. Rg3 Ng6 23. Rhh3 a6 24. Nd1 Nf4 25. Rh1 Rab8 26. Ne3 Kh8 27. Ng4
Bxg4 28. Rxg4 Nxd5 29. Bxd5 Qxf3 30. Qg5 Qf6 31. f3 Qh6 32. Kd1 Be3 33. Qf5
Rbe8 34. Rh3 g6 35. Qf6+ Qg7 36. Qxg7+ Kxg7 37. h5 c6 38. h6+ Bxh6 39. Bb3 Rh8
40. Rhg3 Bf4 41. Rg1 Rh2 42. R4g2 Reh8 43. Ke2 Rh1 44. Kd3 R8h2 45. c4 Kf6 46.
Kc3 a5 47. Rxh2 Rxh2 48. Rd1 Be3 49. Rxd6+ Ke7 50. Rd1 Bd4+ 51. Kd3 Bxb2 52.
Rf1 g5 53. Rg1 f6 54. c5 Bd4 55. Rc1 Kf8 56. Kc4 Kg7 57. Rd1 Rf2 58. Rd3 Rf1
59. Bd1 Rf2 60. Bb3 a4 61. Bxa4 Rxa2 62. Bb3 Ra1 63. Kb4 Rc1 64. Bc4 f5 65.
exf5 Kf6 66. Rb3 Kxf5 67. Bd3+ Kf4 68. Bc4 Bxc5+ 69. Kxc5 b5 70. Kxc6 bxc4 71.
Ra3 c3 72. Kc5 Kxf3 73. Kc4 g4 74. Ra8 e4 75. Rf8+ Ke3 76. Rg8 Rd1 77. Rxg4 c2
78. Rg3+ Kf2 79. Rc3 c1=Q 80. Rxc1 Rxc1+ 81. Kd4 e3 82. Kd3 e2 83. Ke4 e1=Q+
84. Kd4 Qe3+ 85. Kd5 Rc5+ 86. Kd6 Qe5+ 87. Kd7 Rc7+ 88. Kd8 Qe7# 0-1

[Event "Grand Pacific op Online"]
[Site "chess.com"]
[Date "2021.04.10"]
[Round "2.7"]
[White "Pitre, Hanniegn"]
[Black "Imoo, Joshua"]
[Result "0-1"]
[WhiteElo "1765"]
[BlackElo "1515"]
[PlyCount "124"]
[EventDate "2021.04.10"]
[EventType "swiss"]
[EventRounds "6"]
[EventCountry "CAN"]

1. e4 e5 2. f4 exf4 3. Nf3 Ne7 4. d4 d5 5. Nc3 dxe4 6. Nxe4 Ng6 7. Bd3 Be7 8.
Qe2 O-O 9. c3 Bg4 10. Bd2 f5 11. Bc4+ Kh8 12. Nf2 Bh4 13. O-O-O Re8 14. Qf1 c6
15. Bf7 Rf8 16. Bxg6 hxg6 17. Nxh4 Qxh4 18. g3 Qd8 19. Re1 Qd5 20. Kb1 Bf3 21.
gxf4 Bxh1 22. Nxh1 Nd7 23. Nf2 Nf6 24. Nh3 Ne4 25. Bc1 Rae8 26. Qg1 Qb5 27. Qe3
c5 28. Nf2 Nxf2 29. Qxf2 Qd3+ 30. Ka1 cxd4 31. cxd4 Rxe1 32. Qxe1 Rc8 33. Bd2
Qxd4 34. Bc3 Qxf4 35. a3 Qxh2 36. Qe7 Qh6 37. Qxb7 Rxc3 38. bxc3 Qc1+ 39. Ka2
Qxc3 40. Qa8+ Kh7 41. Qh1+ Kg8 42. Qa8+ Kf7 43. Qxa7+ Kf6 44. Qb6+ Kg5 45. Qg1+
Kf4 46. Qxg6 Ke4 47. Qg2+ Kf4 48. Qg6 Qc2+ 49. Ka1 Qd1+ 50. Ka2 Qe2+ 51. Ka1
Qe5+ 52. Ka2 Ke3 53. Qg1+ Ke4 54. Qe1+ Kd5 55. Qa5+ Ke6 56. Qa6+ Qd6 57. Qc8+
Qd7 58. Qa6+ Kf7 59. Qc4+ Qe6 60. Kb3 f4 61. a4 f3 62. a5 f2 0-1

[Event "Grand Pacific op Online"]
[Site "chess.com"]
[Date "2021.04.10"]
[Round "2.8"]
[White "Leblanc, Paul"]
[Black "Kosinski, George"]
[Result "1/2-1/2"]
[WhiteElo "1495"]
[BlackElo "1725"]
[PlyCount "108"]
[EventDate "2021.04.10"]
[EventType "swiss"]
[EventRounds "6"]
[EventCountry "CAN"]

1. d4 d5 2. c4 e6 3. Nf3 c5 4. cxd5 exd5 5. Nc3 Nc6 6. e3 Nf6 7. Be2 Ne4 8. O-O
Nxc3 9. bxc3 c4 10. e4 dxe4 11. Nd2 Be6 12. Bxc4 Bd5 13. Bxd5 Qxd5 14. Qe2 Be7
15. Qxe4 Qxe4 16. Nxe4 Na5 17. Bf4 Kd7 18. Rab1 b6 19. Rfc1 Nc4 20. Nd2 Rac8
21. Nxc4 Rxc4 22. Bd2 Ra4 23. Rc2 Rc8 24. Be3 Rac4 25. Rb3 Kc6 26. g3 Kb7 27.
Kg2 Bf6 28. Rd2 Rxc3 29. Rxc3 Rxc3 30. d5 Kc7 31. Bf4+ Kd7 32. Bb8 a6 33. Bf4
b5 34. h3 h6 35. h4 g5 36. hxg5 Bxg5 37. Bxg5 hxg5 38. Kh3 Rc4 39. Kg2 g4 40.
f3 Kd6 41. fxg4 Rc5 42. Rf2 Kxd5 43. Rxf7 Rc2+ 44. Rf2 Rxf2+ 45. Kxf2 b4 46.
Ke2 a5 47. Kd3 a4 48. g5 Ke6 49. Kc4 b3 50. axb3 axb3 51. Kxb3 Kf5 52. Kc3 Kxg5
53. Kd3 Kg4 54. Ke3 Kxg3 1/2-1/2

[Event "Grand Pacific op Online"]
[Site "chess.com"]
[Date "2021.04.10"]
[Round "2.9"]
[White "Jaspal, Harleen Singh"]
[Black "Liu, Zachary"]
[Result "1/2-1/2"]
[WhiteElo "1710"]
[BlackElo "1485"]
[PlyCount "76"]
[EventDate "2021.04.10"]
[EventType "swiss"]
[EventRounds "6"]
[EventCountry "CAN"]

1. e4 c5 2. Nf3 Nc6 3. Nc3 Nf6 4. d3 e6 5. Be2 d5 6. O-O Be7 7. Bg5 O-O 8. h3
h6 9. Bh4 d4 10. Nb1 Nd7 11. Bg3 e5 12. Nh2 Bh4 13. Nd2 Bxg3 14. fxg3 Nf6 15.
a3 Be6 16. Nhf3 Nh7 17. Nh4 Qg5 18. Kh2 g6 19. Rf2 Qe7 20. Bg4 Ng5 21. Qe2 Kg7
22. Raf1 Bxg4 23. Qxg4 Qe6 24. Qxe6 Nxe6 25. Nc4 Rad8 26. g4 b5 27. Nd2 a6 28.
g3 Rd7 29. Rf6 Ncd8 30. R1f2 Re8 31. R6f3 Ng5 32. Rf6 Nge6 33. Rf1 Rf8 34. b3
Re8 35. R6f2 Nc6 36. Rf6 Ncd8 37. R6f2 Nc6 38. Rf6 Ncd8 1/2-1/2

[Event "Grand Pacific op Online"]
[Site "chess.com"]
[Date "2021.04.10"]
[Round "2.10"]
[White "Loke, Myron"]
[Black "Tang, Edward"]
[Result "1/2-1/2"]
[WhiteElo "1436"]
[BlackElo "1702"]
[PlyCount "105"]
[EventDate "2021.04.10"]
[EventType "swiss"]
[EventRounds "6"]
[EventCountry "CAN"]

1. e4 e5 2. Nf3 Nc6 3. Bb5 a6 4. Ba4 Nf6 5. d3 b5 6. Bb3 Be7 7. O-O d6 8. c3
O-O 9. h3 Na5 10. Bc2 c5 11. Nbd2 Nc6 12. Re1 Re8 13. Nf1 h6 14. Ng3 Bf8 15. d4
cxd4 16. cxd4 Bd7 17. d5 Nb4 18. Bb1 a5 19. a3 Na6 20. Be3 Qb8 21. Bd3 Rc8 22.
Rc1 Qb7 23. Qd2 a4 24. Nh4 Nc5 25. Bc2 Rab8 26. Qb4 Na6 27. Qd2 b4 28. Nhf5 b3
29. Bd3 Rxc1 30. Rxc1 Rc8 31. Rxc8 Qxc8 32. Qa5 Nc7 33. Bb6 Nfe8 34. Ne2 g6 35.
Ne3 Be7 36. Nc3 Na8 37. Nc4 Ng7 38. Nxa4 Bxa4 39. Qxa4 Nxb6 40. Nxb6 Qc1+ 41.
Bf1 Qxb2 42. Nc4 Qc3 43. Qb4 Qc2 44. a4 Qa2 45. a5 Nh5 46. Qa3 Bg5 47. a6 Bc1
48. Qxc1 Qxa6 49. Qb2 Qa2 50. Be2 Nf4 51. Bd1 Nd3 52. Qxb3 Qxf2+ 53. Kh2
1/2-1/2